[Event "European Individual Blitz Chess Championship 2016"]
[Site "?"]
[Date "2016.12.18"]
[Round "24.8"]
[White "Plat, Vojtech"]
[Black "Navara, David"]
[Result "0-1"]
[BlackElo "2754"]
[WhiteElo "2600"]
[LiveChessVersion "1.4.7"]

1. e4 {[%clk 0:03:02]} c6 {[%clk 0:03:03]} 2. d4 {[%clk 0:03:04]} d5
{[%clk 0:03:04]} 3. Nd2 {[%clk 0:03:05]} dxe4 {[%clk 0:03:05]} 4. Nxe4
{[%clk 0:03:07]} Bf5 {[%clk 0:03:06]} 5. Ng3 {[%clk 0:03:08]} Bg6
{[%clk 0:03:07]} 6. h4 {[%clk 0:03:09]} h6 {[%clk 0:03:08]} 7. Nf3
{[%clk 0:03:11]} e6 {[%clk 0:03:09]} 8. h5 {[%clk 0:03:12]} Bh7 {[%clk 0:03:11]}
9. Bd3 {[%clk 0:03:13]} Bxd3 {[%clk 0:03:11]} 10. Qxd3 {[%clk 0:03:14]} Nf6
{[%clk 0:03:11]} 11. Bd2 {[%clk 0:03:16]} c5 {[%clk 0:03:10]} 12. O-O-O
{[%clk 0:03:17]} Nc6 {[%clk 0:03:11]} 13. Bc3 {[%clk 0:02:28]} Nb4
{[%clk 0:03:06]} 14. Qb5+ {[%clk 0:02:19]} Qd7 {[%clk 0:03:07]} 15. Qxd7+
{[%clk 0:02:20]} Nxd7 {[%clk 0:03:08]} 16. Kb1 {[%clk 0:02:22]} Nd5
{[%clk 0:03:08]} 17. Bd2 {[%clk 0:02:20]} cxd4 18. Nxd4 Bc5 {[%clk 0:02:58]} 19.
Bc1 {[%clk 0:02:20]} N7f6 {[%clk 0:02:36]} 20. f3 {[%clk 0:02:15]} O-O-O
{[%clk 0:02:15]} 21. Nge2 {[%clk 0:02:07]} Rd7 {[%clk 0:02:16]} 22. g4
{[%clk 0:01:41]} Rhd8 {[%clk 0:02:15]} 23. Nb3 {[%clk 0:01:40]} Be3
{[%clk 0:01:54]} 24. Rd3 {[%clk 0:00:43]} Bxc1 {[%clk 0:01:54]} 25. Kxc1
{[%clk 0:00:45]} e5 {[%clk 0:01:47]} 26. Rhd1 {[%clk 0:00:26]} e4
{[%clk 0:01:39]} 27. fxe4 {[%clk 0:00:28]} Nxe4 28. Rd4 Ne3 {[%clk 0:01:29]} 29.
Rg1 {[%clk 0:00:19]} Nf6 {[%clk 0:00:40]} 30. g5 {[%clk 0:00:15]} Nxh5
{[%clk 0:00:40]} 31. gxh6 {[%clk 0:00:16]} gxh6 {[%clk 0:00:40]} 32. Rh1
{[%clk 0:00:15]} Nf4 {[%clk 0:00:39]} 33. Nxf4 {[%clk 0:00:11]} Rxd4
{[%clk 0:00:40]} 34. Nxd4 {[%clk 0:00:12]} Rxd4 {[%clk 0:00:41]} 35. Nd3
{[%clk 0:00:11]} Ng4 {[%clk 0:00:40]} 36. b3 {[%clk 0:00:10]} Kd7
{[%clk 0:00:38]} 37. Kd2 {[%clk 0:00:09]} f5 {[%clk 0:00:38]} 38. Kc3
{[%clk 0:00:08]} Rd6 {[%clk 0:00:38]} 39. Rf1 {[%clk 0:00:06]} Rc6+
{[%clk 0:00:38]} 40. Kd2 {[%clk 0:00:07]} Rxc2+ {[%clk 0:00:39]} 41. Ke1
{[%clk 0:00:08]} Ke6 {[%clk 0:00:35]} 42. Nf4+ {[%clk 0:00:09]} Ke5 0-1

[Event "European Individual Blitz Chess Championship 2016"]
[Site "?"]
[Date "2016.12.18"]
[Round "24.14"]
[White "Alekseev, Evgeny"]
[Black "Chigaev, Maksim"]
[Result "1-0"]
[BlackElo "2589"]
[WhiteElo "2662"]
[LiveChessVersion "1.4.7"]

1. Nf3 {[%clk 0:03:03]} g6 {[%clk 0:03:02]} 2. d4 {[%clk 0:03:03]} Bg7
{[%clk 0:03:04]} 3. e4 {[%clk 0:03:04]} a6 {[%clk 0:03:03]} 4. Bd3
{[%clk 0:03:04]} d6 {[%clk 0:03:04]} 5. O-O {[%clk 0:03:02]} e6 {[%clk 0:03:05]}
6. c3 {[%clk 0:03:01]} h6 {[%clk 0:03:05]} 7. Re1 {[%clk 0:03:01]} b6
{[%clk 0:03:07]} 8. Nbd2 Bb7 9. Nf1 Nd7 10. Ng3 {[%clk 0:03:01]} Ne7
{[%clk 0:03:11]} 11. h3 {[%clk 0:02:55]} Qb8 {[%clk 0:03:04]} 12. Be3
{[%clk 0:02:50]} Qa7 {[%clk 0:03:05]} 13. a4 {[%clk 0:02:46]} Rd8
{[%clk 0:03:01]} 14. a5 {[%clk 0:02:43]} b5 {[%clk 0:02:54]} 15. d5
{[%clk 0:02:33]} Qa8 {[%clk 0:02:55]} 16. dxe6 {[%clk 0:02:32]} fxe6
{[%clk 0:02:56]} 17. Nd4 {[%clk 0:02:26]} Nc5 {[%clk 0:02:51]} 18. Bc2
{[%clk 0:02:17]} e5 {[%clk 0:02:46]} 19. Nb3 {[%clk 0:02:15]} Ne6
{[%clk 0:02:46]} 20. Nd2 {[%clk 0:02:10]} c5 {[%clk 0:02:29]} 21. h4
{[%clk 0:01:31]} h5 {[%clk 0:02:13]} 22. Nf3 {[%clk 0:01:32]} O-O
{[%clk 0:01:37]} 23. Ng5 {[%clk 0:01:34]} Qc8 {[%clk 0:01:30]} 24. f3
{[%clk 0:01:11]} Kh8 {[%clk 0:01:22]} 25. Qd2 {[%clk 0:01:09]} Nf4
{[%clk 0:01:14]} 26. Red1 {[%clk 0:01:07]} c4 {[%clk 0:00:44]} 27. Ne2
{[%clk 0:01:02]} d5 {[%clk 0:00:39]} 28. Nxf4 {[%clk 0:00:48]} exf4
{[%clk 0:00:32]} 29. Bb6 {[%clk 0:00:38]} Rd6 {[%clk 0:00:15]} 30. Bd4
{[%clk 0:00:38]} Kg8 {[%clk 0:00:07]} 31. Bxg7 {[%clk 0:00:37]} Kxg7
{[%clk 0:00:08]} 32. e5 {[%clk 0:00:35]} Rdd8 {[%clk 0:00:07]} 33. Kh2
{[%clk 0:00:28]} d4 {[%clk 0:00:05]} 34. cxd4 {[%clk 0:00:29]} Nd5
{[%clk 0:00:03]} 35. Be4 {[%clk 0:00:28]} Kg8 {[%clk 0:00:03]} 36. Bxg6
{[%clk 0:00:28]} Ne3 {[%clk 0:00:04]} 37. Re1 {[%clk 0:00:26]} Qd7 38. e6
{[%clk 0:00:22]} Qxd4 {[%clk 0:00:04]} 39. Qxd4 {[%clk 0:00:20]} Rxd4
{[%clk 0:00:05]} 40. e7 {[%clk 0:00:21]} Rb8 {[%clk 0:00:07]} 41. Re2
{[%clk 0:00:17]} Bc6 {[%clk 0:00:07]} 42. Rae1 {[%clk 0:00:14]} Rd6
{[%clk 0:00:05]} 43. Bxh5 {[%clk 0:00:14]} Rh6 {[%clk 0:00:05]} 44. Bf7+
{[%clk 0:00:09]} Kg7 {[%clk 0:00:06]} 45. g3 {[%clk 0:00:09]} fxg3+
{[%clk 0:00:05]} 46. Kxg3 Nf5+ 47. Kf4 {[%clk 0:00:08]} Nxh4 {[%clk 0:00:04]} 48.
e8=Q {[%clk 0:00:09]} Bxe8 {[%clk 0:00:05]} 49. Bxe8 {[%clk 0:00:08]} Rf6+
{[%clk 0:00:03]} 50. Kg4 {[%clk 0:00:09]} Nf5 {[%clk 0:00:04]} 51. Re6
{[%clk 0:00:07]} Nh6+ {[%clk 0:00:05]} 52. Kh5 {[%clk 0:00:07]} Nf5
{[%clk 0:00:05]} 53. Rxf6 {[%clk 0:00:08]} Kxf6 {[%clk 0:00:05]} 54. Kg4
{[%clk 0:00:08]} Nd4 {[%clk 0:00:05]} 55. Bd7 {[%clk 0:00:07]} Rg8
{[%clk 0:00:06]} 56. f4 {[%clk 0:00:08]} Rd8 {[%clk 0:00:06]} 57. Be8
{[%clk 0:00:08]} b4 {[%clk 0:00:08]} 58. Ba4 {[%clk 0:00:09]} Rd5
{[%clk 0:00:05]} 59. Ne4+ {[%clk 0:00:09]} Kg7 {[%clk 0:00:06]} 60. Rd1
{[%clk 0:00:08]} Nf5 {[%clk 0:00:04]} 61. Rxd5 {[%clk 0:00:07]} Ne3+
{[%clk 0:00:05]} 62. Kf3 {[%clk 0:00:08]} Nxd5 {[%clk 0:00:07]} 63. Nc5
{[%clk 0:00:08]} b3 {[%clk 0:00:05]} 64. Nxa6 {[%clk 0:00:05]} c3
{[%clk 0:00:06]} 65. Bxb3 {[%clk 0:00:05]} cxb2 {[%clk 0:00:07]} 66. Bc2
{[%clk 0:00:06]} Nc3 {[%clk 0:00:05]} 67. Nc5 {[%clk 0:00:06]} Nb5
{[%clk 0:00:06]} 68. Kf2 {[%clk 0:00:05]} Na3 {[%clk 0:00:06]} 69. Bd3
{[%clk 0:00:05]} Nc4 {[%clk 0:00:07]} 70. a6 {[%clk 0:00:06]} Kf6
{[%clk 0:00:08]} 71. a7 {[%clk 0:00:07]} Nb6 {[%clk 0:00:09]} 72. Kf3
{[%clk 0:00:06]} Ke7 {[%clk 0:00:10]} 73. Na4 {[%clk 0:00:07]} Na8
{[%clk 0:00:08]} 74. Nxb2 {[%clk 0:00:08]} Kd6 {[%clk 0:00:10]} 75. Be4
{[%clk 0:00:09]} Nc7 {[%clk 0:00:11]} 76. a8=Q {[%clk 0:00:09]} Nxa8
{[%clk 0:00:12]} 77. Bxa8 {[%clk 0:00:10]} Kd5 78. Ke4+ 1-0

[Event "European Individual Blitz Chess Championship 2016"]
[Site "?"]
[Date "2016.12.18"]
[Round "24.25"]
[White "Huzman, Alexander"]
[Black "Boe, Mads"]
[Result "1-0"]
[BlackElo "2388"]
[WhiteElo "2563"]
[LiveChessVersion "1.4.7"]

1. d4 {[%clk 0:03:03]} f5 {[%clk 0:03:03]} 2. g3 {[%clk 0:03:04]} Nf6
{[%clk 0:03:05]} 3. Bg2 e6 4. Nf3 {[%clk 0:03:05]} d5 {[%clk 0:03:07]} 5. O-O
{[%clk 0:03:05]} Bd6 {[%clk 0:03:08]} 6. c4 {[%clk 0:03:07]} c6 {[%clk 0:03:10]}
7. Nc3 {[%clk 0:03:08]} O-O {[%clk 0:03:10]} 8. Qc2 {[%clk 0:03:10]} Qe7
{[%clk 0:03:09]} 9. Rb1 {[%clk 0:03:07]} Bd7 {[%clk 0:02:52]} 10. Bg5
{[%clk 0:03:07]} Be8 {[%clk 0:02:48]} 11. Ne5 {[%clk 0:02:52]} h6
{[%clk 0:02:46]} 12. Bxf6 {[%clk 0:02:52]} Qxf6 {[%clk 0:02:37]} 13. cxd5
{[%clk 0:02:44]} cxd5 {[%clk 0:02:13]} 14. Nxd5 {[%clk 0:02:42]} Qd8
{[%clk 0:01:44]} 15. Nf4 {[%clk 0:02:40]} Bxe5 {[%clk 0:01:15]} 16. Nxe6
{[%clk 0:02:34]} Qe7 {[%clk 0:01:11]} 17. Nxf8 {[%clk 0:02:31]} Bf6
{[%clk 0:00:26]} 18. Qc5 {[%clk 0:02:21]} Kxf8 {[%clk 0:00:19]} 19. Bxb7
{[%clk 0:02:21]} Qxc5 {[%clk 0:00:16]} 20. dxc5 {[%clk 0:02:22]} Bc6
{[%clk 0:00:16]} 21. Bxa8 {[%clk 0:02:21]} Bxa8 {[%clk 0:00:18]} 22. b4
{[%clk 0:02:22]} Be4 {[%clk 0:00:17]} 23. b5 {[%clk 0:02:19]} Bxb1
{[%clk 0:00:17]} 24. Rxb1 {[%clk 0:02:20]} Ke7 {[%clk 0:00:18]} 25. Rd1
{[%clk 0:02:20]} Nd7 {[%clk 0:00:16]} 26. c6 Nb6 27. f4 {[%clk 0:02:20]} g5
{[%clk 0:00:19]} 28. c7 {[%clk 0:02:17]} Ke6 {[%clk 0:00:13]} 29. Rd8
{[%clk 0:02:13]} Kd5 1-0

[Event "European Individual Blitz Chess Championship 2016"]
[Site "?"]
[Date "2016.12.18"]
[Round "24.27"]
[White "Kovalenko, Igor"]
[Black "Reprintsev, Alexander"]
[Result "1-0"]
[BlackElo "2332"]
[WhiteElo "2667"]
[LiveChessVersion "1.4.7"]

1. d4 {[%clk 0:03:03]} d5 {[%clk 0:03:03]} 2. Nf3 {[%clk 0:03:04]} Nc6
{[%clk 0:03:04]} 3. e3 {[%clk 0:03:05]} Bg4 {[%clk 0:02:59]} 4. Nbd2
{[%clk 0:03:02]} e6 {[%clk 0:02:59]} 5. h3 {[%clk 0:03:02]} Bh5 {[%clk 0:02:55]}
6. c4 {[%clk 0:03:03]} Nf6 {[%clk 0:02:46]} 7. Qb3 {[%clk 0:03:02]} Rb8
{[%clk 0:02:34]} 8. cxd5 {[%clk 0:02:57]} Nxd5 {[%clk 0:02:23]} 9. e4
{[%clk 0:02:32]} Nde7 {[%clk 0:01:51]} 10. g4 {[%clk 0:02:11]} Bg6
{[%clk 0:01:52]} 11. Qc3 {[%clk 0:02:12]} h5 {[%clk 0:01:44]} 12. g5
{[%clk 0:02:12]} h4 {[%clk 0:01:43]} 13. Bg2 {[%clk 0:02:01]} Qd6
{[%clk 0:01:33]} 14. O-O {[%clk 0:01:53]} Rd8 {[%clk 0:01:28]} 15. Nc4
{[%clk 0:01:44]} Qb4 {[%clk 0:01:28]} 16. Re1 {[%clk 0:01:44]} b5
{[%clk 0:01:17]} 17. Nce5 {[%clk 0:01:43]} Qxc3 {[%clk 0:01:12]} 18. bxc3
{[%clk 0:01:44]} Bh5 {[%clk 0:01:06]} 19. Rb1 {[%clk 0:01:30]} a6
{[%clk 0:00:59]} 20. Bf4 {[%clk 0:01:21]} Na5 {[%clk 0:00:57]} 21. Nxh4
{[%clk 0:01:19]} f6 {[%clk 0:00:44]} 22. Nef3 {[%clk 0:01:11]} c5
{[%clk 0:00:42]} 23. d5 {[%clk 0:01:06]} e5 {[%clk 0:00:40]} 24. Be3
{[%clk 0:01:06]} Nc8 {[%clk 0:00:38]} 25. Nf5 {[%clk 0:01:04]} Bxf3
{[%clk 0:00:34]} 26. Bxf3 {[%clk 0:01:05]} Rxh3 {[%clk 0:00:34]} 27. Kg2
{[%clk 0:01:06]} Rh8 {[%clk 0:00:33]} 28. Rh1 {[%clk 0:01:05]} Rxh1 29. Rxh1
{[%clk 0:01:06]} Nc4 {[%clk 0:00:26]} 30. Bc1 {[%clk 0:00:56]} Ne7
{[%clk 0:00:27]} 31. Ng3 {[%clk 0:00:51]} Nd6 {[%clk 0:00:26]} 32. Bg4
{[%clk 0:00:46]} Kf7 {[%clk 0:00:23]} 33. Be6+ {[%clk 0:00:47]} Ke8
{[%clk 0:00:20]} 34. gxf6 {[%clk 0:00:46]} gxf6 {[%clk 0:00:20]} 35. Nh5
{[%clk 0:00:43]} Nxe4 {[%clk 0:00:20]} 36. f3 {[%clk 0:00:44]} Nxd5
{[%clk 0:00:10]} 37. fxe4 {[%clk 0:00:44]} Nxc3 {[%clk 0:00:11]} 38. Bf5
{[%clk 0:00:43]} Be7 {[%clk 0:00:10]} 39. Ng7+ {[%clk 0:00:44]} Kf7
{[%clk 0:00:12]} 40. Rh7 {[%clk 0:00:42]} Rg8 {[%clk 0:00:12]} 41. Bh6
{[%clk 0:00:39]} Nd1 42. Be6+ Bf8 43. Bf5 1-0

[Event "European Individual Blitz Chess Championship 2016"]
[Site "?"]
[Date "2016.12.18"]
[Round "25.6"]
[White "Bartel, Mateusz"]
[Black "Bortnyk, Olexandr"]
[Result "0-1"]
[BlackElo "2741"]
[WhiteElo "2569"]
[LiveChessVersion "1.4.7"]

1. e4 {[%clk 0:03:03]} d6 {[%clk 0:03:03]} 2. d4 {[%clk 0:03:02]} Nf6
{[%clk 0:03:04]} 3. Nc3 {[%clk 0:03:03]} Nbd7 {[%clk 0:03:04]} 4. Nf3
{[%clk 0:02:58]} e5 {[%clk 0:03:05]} 5. Bc4 {[%clk 0:02:59]} Be7 {[%clk 0:03:06]}
6. O-O {[%clk 0:02:59]} O-O {[%clk 0:03:06]} 7. a4 {[%clk 0:03:00]} a5
{[%clk 0:03:07]} 8. Re1 {[%clk 0:02:56]} b6 {[%clk 0:03:04]} 9. b3
{[%clk 0:02:47]} Bb7 {[%clk 0:02:52]} 10. Bb2 {[%clk 0:02:48]} Rc8
{[%clk 0:01:29]} 11. Qd3 {[%clk 0:02:23]} Nh5 {[%clk 0:01:04]} 12. Rad1
{[%clk 0:02:17]} Nf4 {[%clk 0:01:03]} 13. Qe3 {[%clk 0:02:14]} Ng6
{[%clk 0:00:59]} 14. Ne2 {[%clk 0:01:59]} exd4 {[%clk 0:00:54]} 15. Bxd4
{[%clk 0:01:55]} Bf6 {[%clk 0:00:53]} 16. Ng3 {[%clk 0:01:43]} Re8
{[%clk 0:00:48]} 17. Nh5 {[%clk 0:01:09]} Rxe4 {[%clk 0:00:46]} 18. Nxf6+
{[%clk 0:01:07]} Nxf6 {[%clk 0:00:44]} 19. Qc3 {[%clk 0:01:07]} Rxe1+
{[%clk 0:00:37]} 20. Rxe1 {[%clk 0:01:08]} d5 {[%clk 0:00:38]} 21. Bxf6
{[%clk 0:00:57]} Qxf6 {[%clk 0:00:38]} 22. Qxf6 {[%clk 0:00:57]} gxf6
{[%clk 0:00:39]} 23. Bd3 {[%clk 0:00:59]} c5 {[%clk 0:00:35]} 24. Bf5
{[%clk 0:00:53]} Rd8 {[%clk 0:00:32]} 25. h4 {[%clk 0:00:53]} d4 {[%clk 0:00:30]}
26. h5 {[%clk 0:00:54]} Bxf3 {[%clk 0:00:27]} 27. hxg6 {[%clk 0:00:55]} hxg6
{[%clk 0:00:28]} 28. Bxg6 {[%clk 0:00:51]} fxg6 {[%clk 0:00:27]} 29. gxf3
{[%clk 0:00:52]} Kf7 {[%clk 0:00:28]} 30. Rd1 {[%clk 0:00:48]} Re8
{[%clk 0:00:27]} 31. Kf1 {[%clk 0:00:49]} g5 {[%clk 0:00:25]} 32. Rd3
{[%clk 0:00:50]} Re6 {[%clk 0:00:18]} 33. c3 {[%clk 0:00:51]} dxc3
{[%clk 0:00:15]} 34. Rxc3 {[%clk 0:00:52]} Rd6 {[%clk 0:00:16]} 35. Re3
{[%clk 0:00:53]} Rd4 {[%clk 0:00:16]} 36. Ke2 {[%clk 0:00:51]} Rb4
{[%clk 0:00:15]} 37. Rc3 {[%clk 0:00:52]} Ke6 {[%clk 0:00:16]} 38. Kd2
{[%clk 0:00:52]} Ke5 {[%clk 0:00:15]} 39. Ke3 {[%clk 0:00:52]} f5
{[%clk 0:00:14]} 40. Rd3 {[%clk 0:00:52]} Rd4 {[%clk 0:00:14]} 41. Rc3
{[%clk 0:00:53]} Kd5 {[%clk 0:00:14]} 42. Rc1 {[%clk 0:00:53]} Rb4
{[%clk 0:00:13]} 43. Rd1+ {[%clk 0:00:51]} Ke5 {[%clk 0:00:14]} 44. Rd3
{[%clk 0:00:52]} c4 {[%clk 0:00:13]} 45. bxc4 {[%clk 0:00:53]} Rxc4
{[%clk 0:00:13]} 46. Rb3 {[%clk 0:00:55]} Rb4 {[%clk 0:00:14]} 47. Ra3
{[%clk 0:00:56]} Kd5 {[%clk 0:00:14]} 48. Kd3 {[%clk 0:00:56]} Rd4+
{[%clk 0:00:14]} 49. Ke3 {[%clk 0:00:55]} Kc5 {[%clk 0:00:14]} 50. Rb3
{[%clk 0:00:53]} Rxa4 {[%clk 0:00:14]} 51. Kd4+ 0-1

[Event "European Individual Blitz Chess Championship 2016"]
[Site "?"]
[Date "2016.12.18"]
[Round "25.13"]
[White "Jankovic, Alojzije"]
[Black "Zorko, Jure"]
[Result "1/2-1/2"]
[BlackElo "2472"]
[WhiteElo "2606"]
[LiveChessVersion "1.4.7"]

1. d4 {[%clk 0:03:03]} Nf6 {[%clk 0:03:03]} 2. Nf3 {[%clk 0:03:04]} e6
{[%clk 0:03:04]} 3. c4 {[%clk 0:03:05]} d5 {[%clk 0:03:02]} 4. Nc3
{[%clk 0:03:06]} Bb4 {[%clk 0:03:03]} 5. cxd5 {[%clk 0:03:07]} exd5
{[%clk 0:03:02]} 6. Bg5 {[%clk 0:03:08]} Nbd7 {[%clk 0:02:59]} 7. e3
{[%clk 0:03:09]} c5 {[%clk 0:02:53]} 8. Bd3 {[%clk 0:03:10]} c4 {[%clk 0:02:48]}
9. Bf5 {[%clk 0:03:11]} Qa5 {[%clk 0:02:40]} 10. Qc2 {[%clk 0:03:12]} O-O
{[%clk 0:01:56]} 11. O-O {[%clk 0:03:12]} Bxc3 {[%clk 0:01:57]} 12. bxc3
{[%clk 0:03:13]} g6 {[%clk 0:01:36]} 13. Bxd7 Nxd7 {[%clk 0:01:37]} 14. e4
{[%clk 0:02:51]} Nb6 {[%clk 0:01:27]} 15. e5 {[%clk 0:02:51]} Bf5
{[%clk 0:01:09]} 16. Qd2 {[%clk 0:02:52]} Nd7 {[%clk 0:01:08]} 17. Be7
{[%clk 0:02:37]} Rfe8 {[%clk 0:01:05]} 18. Bb4 {[%clk 0:02:33]} Qa6
{[%clk 0:00:53]} 19. Qf4 {[%clk 0:02:29]} f6 {[%clk 0:00:46]} 20. g4
{[%clk 0:02:30]} Be4 {[%clk 0:00:45]} 21. Rfe1 {[%clk 0:02:09]} Bxf3
{[%clk 0:00:28]} 22. Qxf3 {[%clk 0:02:07]} fxe5 {[%clk 0:00:17]} 23. Qxd5+
{[%clk 0:01:59]} Qe6 {[%clk 0:00:19]} 24. Qxe6+ {[%clk 0:01:55]} Rxe6
{[%clk 0:00:20]} 25. f4 {[%clk 0:01:57]} e4 {[%clk 0:00:18]} 26. d5
{[%clk 0:01:50]} Ree8 {[%clk 0:00:18]} 27. g5 {[%clk 0:01:20]} a5
{[%clk 0:00:10]} 28. Bd6 {[%clk 0:00:52]} Nb6 {[%clk 0:00:10]} 29. Rad1
{[%clk 0:00:53]} Na4 {[%clk 0:00:11]} 30. Be5 {[%clk 0:00:52]} Nb2
{[%clk 0:00:07]} 31. Rb1 {[%clk 0:00:49]} Nd3 {[%clk 0:00:08]} 32. Rxe4
{[%clk 0:00:49]} Rad8 {[%clk 0:00:04]} 33. Rb5 {[%clk 0:00:45]} b6
{[%clk 0:00:05]} 34. Re3 {[%clk 0:00:36]} Nc5 {[%clk 0:00:05]} 35. Rxb6
{[%clk 0:00:28]} Rxd5 {[%clk 0:00:06]} 36. Rb2 {[%clk 0:00:23]} Rd1+ 37. Kg2 Nd3
{[%clk 0:00:07]} 38. Rbe2 {[%clk 0:00:25]} Rc1 {[%clk 0:00:08]} 39. Bd4
{[%clk 0:00:26]} Rxe3 {[%clk 0:00:09]} 40. Rxe3 {[%clk 0:00:27]} Nxf4+
{[%clk 0:00:10]} 41. Kf3 {[%clk 0:00:28]} Nd5 {[%clk 0:00:11]} 42. Re8+
{[%clk 0:00:29]} Kf7 {[%clk 0:00:12]} 43. Rc8 {[%clk 0:00:30]} Nxc3
{[%clk 0:00:10]} 44. Rxc4 {[%clk 0:00:30]} Nxa2 {[%clk 0:00:11]} 45. Ra4
{[%clk 0:00:29]} Nb4 {[%clk 0:00:11]} 46. Rxa5 Rc7 {[%clk 0:00:10]} 47. Ra8
{[%clk 0:00:28]} Nc6 {[%clk 0:00:10]} 48. Bf6 {[%clk 0:00:29]} Ke6
{[%clk 0:00:11]} 49. Ke4 {[%clk 0:00:29]} Rb7 {[%clk 0:00:12]} 50. Ra6
{[%clk 0:00:25]} Rb4+ {[%clk 0:00:12]} 51. Kf3 {[%clk 0:00:23]} Kd5
{[%clk 0:00:13]} 52. Ra8 {[%clk 0:00:22]} Rb3+ {[%clk 0:00:14]} 53. Kg2
{[%clk 0:00:23]} Rb7 {[%clk 0:00:14]} 54. Re8 {[%clk 0:00:24]} Ra7
{[%clk 0:00:13]} 55. h4 {[%clk 0:00:25]} Nb4 {[%clk 0:00:11]} 56. Re5+
{[%clk 0:00:19]} Kc6 {[%clk 0:00:09]} 57. Re6+ {[%clk 0:00:19]} Kd5
{[%clk 0:00:09]} 58. Re5+ {[%clk 0:00:20]} Kc6 {[%clk 0:00:10]} 59. Re8
{[%clk 0:00:21]} Nd5 {[%clk 0:00:10]} 60. Kg3 {[%clk 0:00:20]} Ra3+
{[%clk 0:00:05]} 61. Kg4 {[%clk 0:00:18]} Ra4+ {[%clk 0:00:06]} 62. Kg3
{[%clk 0:00:19]} Ra7 {[%clk 0:00:07]} 63. Re6+ {[%clk 0:00:19]} Kd7
{[%clk 0:00:07]} 64. Re5 {[%clk 0:00:20]} Kd6 {[%clk 0:00:08]} 65. Re1
{[%clk 0:00:19]} Ke5 1/2-1/2

[Event "European Individual Blitz Chess Championship 2016"]
[Site "?"]
[Date "2016.12.18"]
[Round "25.27"]
[White "Potkin, Vladimir"]
[Black "Brodowski, Piotr"]
[Result "0-1"]
[BlackElo "2396"]
[WhiteElo "2563"]
[LiveChessVersion "1.4.7"]

1. c4 {[%clk 0:03:03]} c5 {[%clk 0:03:01]} 2. Nf3 {[%clk 0:03:04]} g6
{[%clk 0:03:02]} 3. e3 {[%clk 0:02:57]} Bg7 {[%clk 0:03:03]} 4. d4
{[%clk 0:02:58]} Nf6 {[%clk 0:03:00]} 5. Nc3 {[%clk 0:02:58]} O-O
{[%clk 0:03:00]} 6. Be2 {[%clk 0:02:56]} b6 {[%clk 0:02:55]} 7. O-O Bb7 8. d5
{[%clk 0:02:55]} d6 {[%clk 0:02:42]} 9. e4 {[%clk 0:02:56]} Na6 {[%clk 0:02:09]}
10. Re1 {[%clk 0:02:54]} Nc7 {[%clk 0:02:10]} 11. Be3 {[%clk 0:02:23]} h6
{[%clk 0:02:11]} 12. Qd2 {[%clk 0:02:21]} Kh7 {[%clk 0:02:12]} 13. Rad1
{[%clk 0:02:09]} Ng4 {[%clk 0:02:07]} 14. Bf4 {[%clk 0:02:07]} Ne5
{[%clk 0:02:06]} 15. Nxe5 dxe5 {[%clk 0:02:07]} 16. Be3 {[%clk 0:01:59]} Ne8
{[%clk 0:02:00]} 17. Rb1 {[%clk 0:01:56]} Nd6 {[%clk 0:01:57]} 18. b4
{[%clk 0:01:56]} cxb4 {[%clk 0:01:57]} 19. Rxb4 {[%clk 0:01:57]} Rc8
{[%clk 0:01:59]} 20. Reb1 {[%clk 0:01:48]} Ba6 {[%clk 0:01:56]} 21. Ra4
{[%clk 0:01:11]} Bxc4 {[%clk 0:01:56]} 22. Rxa7 {[%clk 0:01:10]} Bxe2
{[%clk 0:01:57]} 23. Nxe2 {[%clk 0:01:09]} Nxe4 {[%clk 0:01:58]} 24. Qd1
{[%clk 0:00:55]} Nf6 {[%clk 0:01:32]} 25. Bxb6 {[%clk 0:00:51]} Qxd5
{[%clk 0:01:33]} 26. a4 {[%clk 0:00:45]} Qe6 {[%clk 0:01:06]} 27. a5
{[%clk 0:00:44]} Nd5 {[%clk 0:01:07]} 28. g3 {[%clk 0:00:34]} Rb8
{[%clk 0:01:03]} 29. Qb3 {[%clk 0:00:29]} Rfc8 {[%clk 0:00:59]} 30. Rd1
{[%clk 0:00:27]} Rd8 {[%clk 0:00:47]} 31. Qb1 {[%clk 0:00:09]} Rd6
{[%clk 0:00:47]} 32. Ra6 {[%clk 0:00:07]} Nxb6 {[%clk 0:00:48]} 33. axb6
{[%clk 0:00:07]} Rdxb6 {[%clk 0:00:50]} 34. Rxb6 {[%clk 0:00:07]} Qxb6
{[%clk 0:00:51]} 35. Qxb6 Rxb6 {[%clk 0:00:52]} 36. Nc3 {[%clk 0:00:09]} Rd6
{[%clk 0:00:52]} 37. Re1 {[%clk 0:00:10]} Bf6 {[%clk 0:00:53]} 38. Ne4
{[%clk 0:00:11]} Rc6 {[%clk 0:00:54]} 39. Rd1 {[%clk 0:00:12]} Kg7
{[%clk 0:00:56]} 40. Rd7 {[%clk 0:00:14]} Rc4 {[%clk 0:00:54]} 41. f3
{[%clk 0:00:15]} Rc2 {[%clk 0:00:56]} 42. g4 {[%clk 0:00:16]} Bh4
{[%clk 0:00:47]} 43. Rd5 {[%clk 0:00:17]} f6 {[%clk 0:00:46]} 44. Rd7
{[%clk 0:00:18]} Kf7 {[%clk 0:00:48]} 45. Ra7 {[%clk 0:00:16]} Bg5
{[%clk 0:00:48]} 46. Rb7 {[%clk 0:00:10]} Be3+ {[%clk 0:00:49]} 47. Kh1
{[%clk 0:00:11]} Bf4 {[%clk 0:00:50]} 48. h3 {[%clk 0:00:11]} h5 {[%clk 0:00:47]}
49. gxh5 {[%clk 0:00:10]} gxh5 {[%clk 0:00:49]} 50. Kg1 {[%clk 0:00:11]} h4
{[%clk 0:00:50]} 51. Ra7 {[%clk 0:00:06]} Be3+ {[%clk 0:00:51]} 52. Kf2 Rd2+ 0-1